Tình hình, nguyên nhân và giải pháp phòng chống tội sản xuất, tàng trữ, vận chuyển, buôn bán hàng cấm : Luận văn tốt nghiệp cao học. Chuyên ngành Luật kinh tế

Hệ thống hóa những vấn đề lý luận, pháp lý của tội sản xuất, tàng trữ, vận chuyển, buôn bán hàng cấm và những tác động của nó đến nền kinh tế quốc gia; Phân tích, đánh giá tình hình, nguyên nhân và điều kiện của tội sản xuất, tàng...

Full beskrivning

Sparad:
Bibliografiska uppgifter
Huvudupphovsman: Tô, Minh Trí
Materialtyp: Bok
Språk:Undetermined
Publicerad: Cần Thơ Trường Đại học Cần Thơ 2015
Ämnen:
Taggar: Lägg till en tagg
Inga taggar, Lägg till första taggen!
Thư viện lưu trữ: Trung tâm Học liệu Trường Đại học Cần Thơ
LEADER 01729nam a2200217Ia 4500
001 CTU_209578
008 210402s9999 xx 000 0 und d
082 |a 345.0268 
082 |b Tr300 
088 |a 60380107 
100 |a Tô, Minh Trí 
245 0 |a Tình hình, nguyên nhân và giải pháp phòng chống tội sản xuất, tàng trữ, vận chuyển, buôn bán hàng cấm : 
245 0 |b Luận văn tốt nghiệp cao học. Chuyên ngành Luật kinh tế 
245 0 |c Tô Minh Trí ; Phạm Văn Beo (Hướng dẫn khoa học) 
260 |a Cần Thơ 
260 |b Trường Đại học Cần Thơ 
260 |c 2015 
520 |a Hệ thống hóa những vấn đề lý luận, pháp lý của tội sản xuất, tàng trữ, vận chuyển, buôn bán hàng cấm và những tác động của nó đến nền kinh tế quốc gia; Phân tích, đánh giá tình hình, nguyên nhân và điều kiện của tội sản xuất, tàng trữ, vận chuyển, buôn bán hàng cấm do thương nhân thực hiện và tình hình tội phạm này trên địa bàn tỉnh Vĩnh Long; Từ đó đưa ra dự báo tình hình và đề xuất giải pháp phòng chống tội sản xuất, tàng trữ, vận chuyển, buôn bán hàng cấm do thương nhân thực hiện ở phạm vi cả nước và ở tỉnh Vĩnh Long nói riêng 
650 |a Luật hình sự,Criminal law 
904 |i Lê Thị Mỹ Linh (Nguyên) 
980 |a Trung tâm Học liệu Trường Đại học Cần Thơ